Urban renewal: People, politics and planning (Record no. 342931)

MARC details
000 -LEADER
fixed length control field 004540000a22001930004500
005 - DATE AND TIME OF LATEST TRANSACTION
control field 20120302053448.0
040 ## - CATALOGING SOURCE
Original cataloging agency ENG
245 ## - TITLE STATEMENT
Title Urban renewal: People, politics and planning
260 ## - PUBLICATION, DISTRIBUTION, ETC. (IMPRINT)
Place of publication, distribution, etc New York:Anchor Books,1967
300 ## - PHYSICAL DESCRIPTION
Extent xv,542p
365 ## - TRADE PRICE
Price amount Rs.
650 ## - SUBJECT ADDED ENTRY--TOPICAL TERM
Topical term or geographic name as entry element Politics
650 ## - SUBJECT ADDED ENTRY--TOPICAL TERM
Topical term or geographic name as entry element Urban Renewal
650 ## - SUBJECT ADDED ENTRY--TOPICAL TERM
Topical term or geographic name as entry element Urban Development
650 ## - SUBJECT ADDED ENTRY--TOPICAL TERM
Topical term or geographic name as entry element Antecedents
650 ## - SUBJECT ADDED ENTRY--TOPICAL TERM
Topical term or geographic name as entry element Expectations-Goals
650 ## - SUBJECT ADDED ENTRY--TOPICAL TERM
Topical term or geographic name as entry element Execution
942 ## - ADDED ENTRY ELEMENTS (KOHA)
Koha item type Book
Holdings
Withdrawn status Lost status Damaged status Not for loan Home library Current library Date acquired Total Checkouts Barcode Date last seen Price effective from
        Institute For Oriental Study, Thane Institute For Oriental Study, Thane 12/02/2009   IOS-2144 12/02/2009 12/02/2009